| 000 | 00579 a2200181 4500 | ||
|---|---|---|---|
| 003 | Nust | ||
| 005 | 20251008142525.0 | ||
| 020 | _a189205101x | ||
| 040 | _cNust | ||
| 082 | _a001,GIN | ||
| 100 |
_aGuinness _912640 |
||
| 245 | _aGuinness world records 2001 / | ||
| 260 |
_aLondon _bBritish Library _c2001 |
||
| 300 | _a288p | ||
| 505 | _aEarly starters (Page-8), Golden oldies (Page-10), Big stuff (Page-12), Strength (Page-14), Speed (Page-16), Skill1 (Page-18), Skill2 (Page-20), Endurance1 (Page-22). | ||
| 650 |
_aGuinness world records 2001 _9131000 |
||
| 942 |
_cREF _2ddc |
||
| 999 |
_c184841 _d184841 |
||